| 000 | 00434nam a2200145Ia 4500 | ||
|---|---|---|---|
| 008 | 230917s9999||||xx |||||||||||||| ||und|| | ||
| 040 |
_e209928 _aMAIN |
||
| 041 | _aEnglish | ||
| 082 | _a891.431721 SM19A | ||
| 100 | _aसहदेव, मन्जुला | ||
| 245 | 0 | _aअनन्त की ओर | |
| 260 |
_aनई दिल्ली _bसहदेव प्रकाशन _c1996 |
||
| 300 | _a116 पृ. p. | ||
| 942 | _cHN | ||
| 999 |
_c134830 _d134830 |
||